000 00935nam a2200229Ia 4500
003 Ost
005 20260507075406.0
008 260507s9999||||xx |||||||||||||| ||und||
040 _cfsecg
041 _aara
082 _a330
100 _aصالح، غادة
_eمؤلف
245 0 _aإقتصاديات الفنادق /
_c غادة صالح
260 _aالإسكندرية:
_bدار الوفاء لدنيا,
_c2007
300 _a213 صفحة؛
_bإيضاحات ؛
_c24 سم
504 _aالمراجع ص.231
520 _aيضم قواعد وأسس علم الإقتصاد، تحليل العرض والطلب السياحي، إقتصاديات أماكن الإيواء، التحليل الإقتصادي للمنشآت الفندقية
653 _aالتحليل الإقتصادي- السياحة
653 _aالفنادق- إقتصاديات
653 _aالمنشآت السياحية
942 _cكتاب
999 _c44311
_d44311